Eastern Utah Libraries Catalog: Duchesne, Heber, Roosevelt, & Vernal

The author's guide to murder : (Record no. 402845)

MARC details
000 -LEADER
fixed length control field 01920nam a2200337 i 4500
001 - CONTROL NUMBER
control field in902894044
005 - DATE AND TIME OF LATEST TRANSACTION
control field 20241231155939.0
008 - FIXED-LENGTH DATA ELEMENTS--GENERAL INFORMATION
fixed length control field 241021s2024 nyu 000 1 eng d
020 ## - INTERNATIONAL STANDARD BOOK NUMBER
International Standard Book Number 9780063259867
Qualifying information (hardback)
040 ## - CATALOGING SOURCE
Original cataloging agency TnLvILS
Language of cataloging eng
Transcribing agency TnLvILS
Description conventions rda
043 ## - GEOGRAPHIC AREA CODE
Geographic area code e-uk-st
092 ## - LOCALLY ASSIGNED DEWEY CALL NUMBER (OCLC)
Classification number fiction
Item number Williams, Beatriz
100 1# - MAIN ENTRY--PERSONAL NAME
Personal name Williams, Beatriz,
Relator term author.
9 (RLIN) 5803176
245 14 - TITLE STATEMENT
Title The author's guide to murder :
Remainder of title a novel /
Statement of responsibility, etc Beatriz Williams, Lauren Willig, and Karen White.
250 ## - EDITION STATEMENT
Edition statement First edition.
264 #1 - Production, Publication, Distribution, Manufacture, and Copyright Notice.
Place of production, publication, distribution, manufacture New York, NY :
Name of producer, publisher, distributor, manufacturer William Morrow, an imprint of HarperCollinsPublishers,
Date of production, publication, distribution, manufacture, or copyr [2024]
300 ## - PHYSICAL DESCRIPTION
Extent 416 pages ;
Dimensions 24 cm.
336 ## - Content Type
Content type term text
337 ## - Media type
Media type term unmediated
338 ## - Carrier type
Carrier type term volume
520 ## - SUMMARY, ETC.
Summary, etc "There's been a sensational murder at historic Castle Kinloch, a gothic fantasy of grey granite on a remote island in the Highlands of Scotland. Literary superstar Brett Saffron Presley has been found dead--under bizarre circumstances--in the castle tower's book-lined study. Years ago, Presley purchased the castle as a showpiece for his brand and to lure paying guests with a taste for writerly glamour. Now it seems, the castle has done him in--or possibly, one of the castle's guests has. Detective Chief Inspector Euan McIntosh, a local with no love for literary Americans, finds himself with the unenviable task of extracting statements from three American lady novelists"--
650 #0 - SUBJECT ADDED ENTRY--TOPICAL TERM
Topical term or geographic name as entry element Murder
General subdivision Investigation
Form subdivision Fiction.
9 (RLIN) 5673630
650 #0 - SUBJECT ADDED ENTRY--TOPICAL TERM
Topical term or geographic name as entry element Authors
General subdivision Crimes against
Form subdivision Fiction.
9 (RLIN) 6432837
650 #0 - SUBJECT ADDED ENTRY--TOPICAL TERM
Topical term or geographic name as entry element Women novelists
Form subdivision Fiction.
9 (RLIN) 5673989
650 #0 - SUBJECT ADDED ENTRY--TOPICAL TERM
Topical term or geographic name as entry element Castles
Form subdivision Fiction.
9 (RLIN) 5675300
651 #0 - SUBJECT ADDED ENTRY--GEOGRAPHIC NAME
Geographic name Highlands (Scotland)
Form subdivision Fiction.
9 (RLIN) 5685994
655 #7 - INDEX TERM--GENRE/FORM
Genre/form data or focus term Detective and mystery fiction.
Source of term lcgft.
9 (RLIN) 5683641
700 1# - ADDED ENTRY--PERSONAL NAME
Personal name Willig, Lauren,
Relator term author.
9 (RLIN) 53013
700 1# - ADDED ENTRY--PERSONAL NAME
Personal name White, Karen
Fuller form of name (Karen S.),
Relator term author.
9 (RLIN) 5718198
942 ## - ADDED ENTRY ELEMENTS (KOHA)
Source of classification or shelving scheme Dewey Decimal Classification
Koha item type BOOK
Holdings
Withdrawn status Lost status Source of classification or shelving scheme Damaged status Not for loan Collection code Home library Current library Shelving location Date acquired Source of acquisition Total Checkouts Total Renewals Full call number Barcode Date last seen Date checked out Cost, replacement price Price effective from Koha item type
    Dewey Decimal Classification     Fiction Wasatch County Library Wasatch County Library First Floor 12/31/2024 Micromarketing 3 4 F Williams 34301002088823 04/14/2025 04/03/2025 30.00 12/31/2024 BOOK
This project was made possible through a grant from the Institute of Museum and Library Service administered by the Utah State Library Division.

Wasatch County Library

  • 465 East 1200 South, Heber City, Utah 84032
  • Phone 435-654-1511 | Fax 435-654-6456

Hours

  • Monday - Friday 9:30 AM - 8:00 PM
  • Saturday 9:30 AM - 1:30 PM
  • Closed Sundays and Holidays